Datum a čas kvízu
29
Celkem bodů
Celkový počet nahraných bodů na tomto kvízu bez doplňovacích otázek.
8.
Pořadí na kvízu
Konečné umístění týmu na tomto kvízu.
Zaznamenané odpovědi
| # | Otázka | Odpověď | Body | Výsledky |
|---|---|---|---|---|
| 1. | Jiří Langmajer, Zdislava Pokor... | Hejt není názor | 0 | |
| 2. | K čemu vybídl syn Joea Bidena... | C | 0 | |
| 3. | V sobotu se na pražském Výstav... | Mňága a Žďorp | 1 | |
| 4. | Americký Federální úřad pro le... | A | 0 | |
| 5. | Desátý hráč žebříčku ATP utrpě... | Daniil Medveděv | 0 | |
| 6. | Vaším prvním úkolem v dnešním... | 1C 2D 3B 4A | 0 | |
| 7. | Poznejte (parodii na) gangster... | Někdo to rád horké (Some Like It Hot) | 1 | |
| 8. | Bud Spencer a Terence Hill spo... | v Itálii | 1 | |
| 9. | Gangster, na kterého se ptáme,... | Jabba Hutt | 0 | |
| 10. | Uveďte jméno i příjmení postav... | John Wick | 0 |